000 00815nas a2200253 4500
001 BR9509229
003 BR-BrBNA
005 20231205095524.0
007 ta
008 230509b bl.|||p| |||| 00| 00por d
040 _aBR-BrBNA
_bpor
_cBiblioteca Nacional de Agricultura
041 _a(Pt)
072 _aF50
100 1 _aJorge, L.I.F.
100 1 _aFerro, V. de O.
100 1 _aOliveira, I. de
245 1 _aAs serralhas do Brasil: Emilia sonchifolia L. Sonchus asper (L.)Hill e Taraxacum officinale e Weber - exame microscopio comparativo
650 _aSerralha
650 _aFolha
650 _aMorfologia Vegetal
773 0 _tRevista do Instituto Adolfo Lutz (Brazil)
_xISSN 0073-9855
_g(1994), v. 54(2) p. 110-114
_wBR9509229
909 _a202311
_bLúcia
_c55
_dLúcia Elande
942 _2AGRIS
_n0
_cANA
999 _c151193
_d151193